NATO Countries by Population - In Order - Statistics

General Stats
  • This quiz has been taken 215 times
    150 since last reset
  • The average score is 23 of 32
Answer Stats
Population Countries % Correct
84,220,184 G Germany
99%
339,665,118 U United States
99%
68,521,974 F France
98%
68,138,484 U United Kingdom
97%
83,593,483 T Turkey
95%
61,021,855 I Italy
92%
47,222,613 S Spain
92%
38,516,736 C Canada
88%
11,913,633 B Belgium
87%
17,463,930 N Netherlands
85%
18,326,327 R Romania
84%
37,991,766 P Poland
82%
5,946,984 D Denmark
74%
9,670,009 H Hungary
74%
10,540,886 S Sweden
73%
10,223,150 P Portugal
71%
10,706,242 C Czech Republic
70%
5,614,571 F Finland
70%
10,497,595 G Greece
68%
5,597,924 N Norway
62%
5,425,319 S Slovakia
60%
6,827,736 B Bulgaria
59%
4,169,239 C Croatia
58%
3,101,621 A Albania
54%
360,872 I Iceland
54%
1,202,762 E Estonia
49%
2,655,755 L Lithuania
49%
660,924 L Luxembourg
49%
2,099,790 S Slovenia
47%
1,821,750 L Latvia
46%
602,445 M Montenegro
44%
2,133,410 N North Macedonia
43%
No matching quizzes found
Score Distribution
Percent of People with Each Score
Percentile by Number Answered
Your Score History
You have not taken this quiz since the last reset